| 000 | 00623nam a2200253Ia 4500 | ||
|---|---|---|---|
| 003 | OSt | ||
| 005 | 20221007103637.0 | ||
| 006 | a|||||r|||| 00| 0 | ||
| 007 | ta | ||
| 008 | 221006b |||||||| |||| 00| 0 eng d | ||
| 024 | _a13,657 | ||
| 037 | _cTextual | ||
| 040 |
_aLCO _cLCO _beng |
||
| 041 |
_2eng _aeng |
||
| 082 | _aZ2,94y7, L0 | ||
| 100 |
_aCockle's _9698907 |
||
| 245 | 0 | _aCases and Statutes on Evidence | |
| 250 | _a11th | ||
| 260 |
_aLondon _bSweet & Maxwell _c1970 |
||
| 300 | _a590 | ||
| 650 | _aEvidence | ||
| 942 |
_hZ2,94y7, L0 _cTEXL |
||
| 999 |
_c1183220 _d1183220 |
||